Probability and Statistics (Record no. 351484)

000 -LEADER
fixed length control field 00466nam a22001817a 4500
003 - CONTROL NUMBER IDENTIFIER
control field OSt
005 - DATE AND TIME OF LATEST TRANSACTION
control field 20180116183047.0
008 - FIXED-LENGTH DATA ELEMENTS--GENERAL INFORMATION
fixed length control field 160722b xxu||||| |||| 00| 0 eng d
020 ## - INTERNATIONAL STANDARD BOOK NUMBER
International Standard Book Number 020101503x
040 ## - CATALOGING SOURCE
Transcribing agency 0
082 ## - DEWEY DECIMAL CLASSIFICATION NUMBER
Classification number 519.2 DEG 1975
100 ## - MAIN ENTRY--PERSONAL NAME
Personal name Morris H. DeGroot
245 ## - TITLE STATEMENT
Title Probability and Statistics
Statement of responsibility, etc. Morris H. DeGroot
260 ## - PUBLICATION, DISTRIBUTION, ETC.
Place of publication, distribution, etc. London
Name of publisher, distributor, etc. Addison Wesley
Date of publication, distribution, etc. 1975
300 ## - PHYSICAL DESCRIPTION
Extent 607 p.
Other physical details HB
440 ## - SERIES STATEMENT/ADDED ENTRY--TITLE
Title Probability and Statistics
942 ## - ADDED ENTRY ELEMENTS (KOHA)
Source of classification or shelving scheme
Koha item type Book
Holdings
Withdrawn status Lost status Source of classification or shelving scheme Damaged status Not for loan Collection code Permanent Location Current Location Shelving location Date acquired Total Checkouts Total Renewals Full call number Barcode Checked out Date last seen Date last checked out Price effective from Koha item type
            Central Library (CL) Central Library (CL) General Stacks 07/22/2016 3 1 519.2 DEG 1975 NBSD-2509 04/02/2026 03/03/2026 03/03/2026 07/22/2016 Book
© 2023 Central Library, National University of Sciences and Technology. All Rights Reserved.